000 00655nam a2200193 a 4500
003 PILC
005 20160306115543.0
008 090319s1969 xx 00 eng d
010 _aAcc#40263
050 _aBS 2331
_bAc47 1969
040 _cPhilippine Baptist Theological Seminary
100 1 0 _aAchtemeier, Paul J
245 1 0 _aAn introduction to the new hermeneutic. /
_cby Paul J. Achtemeier.
260 0 _aPA, Pennsylvania :
_bWestminster Press,
_cc1969.
300 _a190 p. ; 21 cm.
500 _aIncludes index
650 _aFUCHS, ERNST, 1905
_xBIBLE N.T. - HERMENEUTICS
_xLANGUAGE & LANGUAGES - RELIGIOUS ASPECT
_xCHRISTIANITY
942 _cCB
_2lcc
999 _c18789
_d18789